000 00589nam a2200181 i 4500
001 91088
003 ES-MaACL
005 20230906180632.0
007 t|
008 050127s1951 sp ||||1| spa d
100 1 _aLeriche, René.
_971771
245 1 0 _aFilosofía de la Cirugía /
_cRené Leriche ; traducción del francés de Julio Gómez de la Serna.
260 _aMadrid :
_bColenda,
_c1951 (
_fSelecciones Gráficas)
300 _a371 p. ;
_c17 cm.
700 1 _aGómez de la Serna, Julio,
_d1895-1983
_957899
852 _aES-MaACL
_jD-7931
_bR.31771
999 _c91088
_d91088